[Event "Ostfold-ch"]
[Site "Moss"]
[Date "2003.03.01"]
[Round "3"]
[White "Bjorgvik, Jan Arne"]
[Black "Stabbetorp, Hans M"]
[Result "1-0"]
[WhiteElo "1698"]
[BlackElo "1404"]
[PlyCount "81"]
[EventDate "2003.03.01"]
[EventType "swiss"]
[EventRounds "6"]
[EventCountry "NOR"]
[SourceTitle "EXT 2008"]
[Source "ChessBase"]
[SourceDate "2007.11.25"]
[SourceVersion "1"]
[SourceVersionDate "2007.11.25"]
[SourceQuality "1"]

1. e4 c6 2. d4 d5 3. exd5 cxd5 4. Nf3 Nf6 5. Bb5+ Bd7 6. Bxd7+ Nbxd7 7. 0-0 e6 8. Bg5 h6 9. Bh4 Be7 10. Re1 0-0 11. Nbd2 Rc8 12. c3 Nh7 13. Bxe7 Qxe7 14. Qb3 Nb6 15. a4 Nc4 16. Nxc4 Rxc4 17. Nd2 Rc6 18. a5 Rfc8 19. Qxd5 Nf6 20. Qf3 Qc7 21. c4 Qd6 22. Qc3 Rd8 23. Nf3 Qc7 24. Ne5 Rcd6 25. Rad1 Nd7 26. Nf3 Nb8 27. b4 a6 28. c5 Rd5 29. g3 Nc6 30. Rd2 Qe7 31. Red1 Qf6 32. Kg2 g5 33. h3 h5 34. Ne5 Nxe5 35. dxe5 Rxd2 36. exf6 Rxd1 37. Qf3 Kf8 38. Qxb7 h4 39. c6 hxg3 40. c7 gxf2 41. cxd8Q+ 1-0

[Event "Sarpsborg CC-ch"]
[Site "Sarpsborg"]
[Date "2003.02.21"]
[Round "8"]
[White "Stabbetorp, Hans M"]
[Black "Lunde, Sigmund"]
[Result "1-0"]
[WhiteElo "1404"]
[BlackElo "1693"]
[PlyCount "63"]
[EventDate "2003.??.??"]
[EventType "swiss"]
[EventRounds "15"]
[EventCountry "NOR"]
[SourceTitle "EXT 2005"]
[Source "ChessBase"]
[SourceDate "2004.11.15"]
[SourceVersion "1"]
[SourceVersionDate "2004.11.15"]
[SourceQuality "1"]

1. d4 e6 2. Nf3 d5 3. Bf4 c5 4. e3 Nc6 5. dxc5 Bxc5 6. Nbd2 Qf6 7. c3 e5 8. Bg3 Nge7 9. Bb5 Bd6 10. 0-0 g5 11. h3 Bf5 12. Re1 a6 13. Bf1 Qg6 14. Bh2 Bc2 15. Qe2 f5 16. c4 e4 17. Bxd6 Qxd6 18. Nd4 Nxd4 19. exd4 h5 20. f3 Bd3 21. Qf2 dxc4 22. Nxc4 Qb4 23. b3 0-0-0 24. Bxd3 exd3 25. Qe3 Rhe8 26. Qxd3 b5 27. Rac1 Kb8 28. Ne5 Kb7 29. Red1 Rd5 30. a4 Red8 31. Nf7 Rxd4 32. Nxd8+ 1-0

[Event "Sarpsborg CC-ch"]
[Site "Sarpsborg"]
[Date "2003.01.17"]
[Round "2"]
[White "Stabbetorp, Hans M"]
[Black "Andersen, Harry"]
[Result "0-1"]
[WhiteElo "1404"]
[BlackElo "1675"]
[PlyCount "94"]
[EventDate "2003.??.??"]
[EventType "swiss"]
[EventRounds "15"]
[EventCountry "NOR"]
[SourceTitle "EXT 2005"]
[Source "ChessBase"]
[SourceDate "2004.11.15"]
[SourceVersion "1"]
[SourceVersionDate "2004.11.15"]
[SourceQuality "1"]

1. d4 Nf6 2. Nf3 g6 3. Bf4 Bg7 4. h3 c6 5. e3 Qb6 6. b3 Nd5 7. Be5 Bxe5 8. Nxe5 d6 9. Nc4 Qc7 10. Be2 b5 11. Ncd2 0-0 12. c4 Nf6 13. cxb5 cxb5 14. Bxb5 Qb7 15. Qf3 Qxb5 16. Qxa8 Nc6 17. Nc3 Qa6 18. d5 Nb4 19. Kd1 Bf5 20. Qxf8+ Kxf8 21. e4 Nxe4 22. Ncxe4 Qd3 23. f3 Nxd5 24. Rc1 Bxe4 25. fxe4 Ne3+ 26. Ke1 Nxg2+ 27. Kd1 Ne3+ 28. Ke1 Nc2+ 29. Kd1 Nd4 30. Rh2 Qg3 31. Rc8+ Kg7 32. Rh1 Qg2 33. Re1 Qxh3 34. Rc7 a5 35. Kc1 a4 36. Rc4 h5 37. Kb2 Qd3 38. Nb1 axb3 39. Rc3 Qa6 40. axb3 Nb5 41. Rc4 h4 42. e5 Qb6 43. Rce4 d5 44. Rf4 g5 45. Rf5 Kg6 46. Ref1 Nd4 47. Rxf7 Qxb3+ 0-1

[Event "Ostfold-ch"]
[Site "Mysen"]
[Date "2002.03.02"]
[Round "4"]
[White "Kristiansen, Espen"]
[Black "Stabbetorp, Hans M"]
[Result "1-0"]
[WhiteElo "1062"]
[BlackElo "1384"]
[PlyCount "131"]
[EventDate "2002.03.01"]
[EventType "swiss"]
[EventRounds "6"]
[EventCountry "NOR"]
[SourceTitle "EXT 2009"]
[Source "ChessBase"]
[SourceDate "2008.11.26"]
[SourceVersion "1"]
[SourceVersionDate "2008.11.26"]
[SourceQuality "1"]

1. e4 d5 2. exd5 Qxd5 3. Nc3 Qa5 4. d4 Nf6 5. Bd2 c6 6. Nf3 Bf5 7. Bc4 Nbd7 8. 0-0 e6 9. Re1 Qc7 10. Bb3 Bd6 11. Ne2 Bg4 12. Ng3 h5 13. h4 Bxg3 14. fxg3 Qxg3 15. Bg5 Bxf3 16. Qxf3 Qxf3 17. gxf3 Nd5 18. a3 0-0 19. c4 N5f6 20. Kf2 Nh7 21. Be3 Rfe8 22. Rg1 Kf8 23. Bc2 Ndf6 24. Rg2 e5 25. Rag1 g6 26. dxe5 Rxe5 27. Bd4 Re6 28. Re1 Rxe1 29. Kxe1 b6 30. c5 Rd8 31. Rd2 Re8+ 32. Kf2 Nd5 33. cxb6 axb6 34. Re2 c5 35. Be5 Nhf6 36. Bb3 Rc8 37. Bc4 Rd8 38. Rd2 Ke7 39. Bxf6+ Nxf6 40. Rxd8 Kxd8 41. Bxf7 Ke7 42. Bxg6 Ke6 43. Kg3 Ke5 44. f4+ Kd4 45. f5 Ke5 46. Kf3 c4 47. Bf7 Kxf5 48. Bxc4 Nd7 49. Kg3 Kg6 50. Kf4 Nf6 51. b4 Ne8 52. a4 Nd6 53. Be2 Nb7 54. Bd3+ Kf6 55. Be4 Nd6 56. a5 bxa5 57. bxa5 Nc8 58. a6 Na7 59. Bf3 Kg6 60. Ke5 Nb5 61. Bg2 Na7 62. Kd6 Kf5 63. Bf3 Kf4 64. Bxh5 Kg3 65. Be2 Kxh4 66. Kc7 1-0

[Event "Sarpsborg CC-ch"]
[Site "Sarpsborg"]
[Date "2002.02.01"]
[Round "4"]
[White "Solberg, Joachim Krokvik"]
[Black "Stabbetorp, Hans M"]
[Result "1-0"]
[WhiteElo "2007"]
[BlackElo "1384"]
[PlyCount "55"]
[EventDate "2002.01.??"]
[EventType "swiss"]
[EventRounds "15"]
[EventCountry "NOR"]
[SourceTitle "EXT 2005"]
[Source "ChessBase"]
[SourceDate "2004.11.15"]
[SourceVersion "1"]
[SourceVersionDate "2004.11.15"]
[SourceQuality "1"]

1. e4 d5 2. Nc3 d4 3. Nce2 c5 4. Ng3 Nc6 5. Nf3 b6 6. Bb5 Qc7 7. Ne5 Bb7 8. f4 a6 9. Bxc6+ Bxc6 10. Nxc6 Qxc6 11. d3 e6 12. 0-0 Ne7 13. e5 Nf5 14. Ne4 c4 15. Qf3 Rc8 16. g4 Nh4 17. Qf2 cxd3 18. cxd3 Ng6 19. Qxd4 Rd8 20. Qe3 Qb5 21. d4 Qd5 22. f5 exf5 23. gxf5 Ne7 24. Nd6+ Kd7 25. Nxf7 Nxf5 26. Rxf5 Ke6 27. Nxd8+ Kxf5 28. Qf4+ 1-0

[Event "Fredrikstad CC-ch"]
[Site "Fredrikstad"]
[Date "2001.01.24"]
[Round "3"]
[White "Stabbetorp, Hans M"]
[Black "Nilsen, Kai"]
[Result "0-1"]
[WhiteElo "1400"]
[BlackElo "1500"]
[PlyCount "76"]
[EventDate "2001.01.??"]
[EventType "swiss"]
[EventRounds "8"]
[EventCountry "NOR"]
[SourceTitle "EXT 2005"]
[Source "ChessBase"]
[SourceDate "2004.11.15"]
[SourceVersion "1"]
[SourceVersionDate "2004.11.15"]
[SourceQuality "1"]

1. d4 d5 2. Nf3 Nf6 3. Bf4 e6 4. e3 Bd6 5. Bxd6 cxd6 6. Nbd2 Nc6 7. c4 dxc4 8. Bxc4 0-0 9. 0-0 b6 10. a3 Bb7 11. Rc1 Rc8 12. b4 h6 13. h3 Ne7 14. Qe2 Ned5 15. Qd3 Qe7 16. Rfe1 Rc7 17. Bb3 Rfc8 18. Rxc7 Qxc7 19. Bxd5 Nxd5 20. Nb3 Qc3 21. Qb1 Qc7 22. Rc1 Nc3 23. Qb2 Bd5 24. Rc2 Qc4 25. Nc1 Be4 26. Nd2 Ne2+ 27. Nxe2 Qxc2 28. Qxc2 Rxc2 29. Nxe4 Rxe2 30. Nxd6 Ra2 31. Nc4 b5 32. Nd6 a6 33. Ne8 Rxa3 34. Nc7 Ra1+ 35. Kh2 a5 36. Nxb5 axb4 37. Kg3 b3 38. Nc3 b2 0-1